000 00369nam a22001457a 4500
005 20250812093540.0
008 250812b |||||||| |||| 00| 0 eng d
020 _a0-06-108155-8
050 _aPS 3569.A4565 S25 1993
100 _aSALA SHARON
245 _aCHANCE McCALL
260 _aNEWYORK
_bHARPER COLLINS PIBLISHERS
_c1993
300 _aX,370
942 _2lcc
_cBK
999 _c216021
_d216021